In search of shiva (Record no. 140418)

MARC details
000 -LEADER
fixed length control field 00573nam a22001817a 4500
005 - DATE AND TIME OF LATEST TRANSACTION
control field 20170526103407.0
010 ## - LCCN (DPL NO)
LC control number ENG-118391
020 ## - INTERNATIONAL STANDARD BOOK NUMBER
International Standard Book Number 9788129137432
Terms of availability 295.00
035 ## - SYSTEM CONTROL NUMBER
System control number EN-101923
037 ## - SOURCE OF ACQUISITION
Source of stock number/acquisition DBAD/PUB
082 ## - DEWEY DECIMAL CLASSIFICATION NUMBER
Classification number 230.609547
100 ## - MAIN ENTRY--PERSONAL NAME
Personal name Haroon Khalid
245 ## - TITLE STATEMENT
Title In search of shiva
Remainder of title A study of folk religious practices in pakistan /
Statement of responsibility, etc by Haroon Khalid
260 ## - PUBLICATION, DISTRIBUTION, ETC. (IMPRINT)
Place of publication, distribution, etc New Delhi
Name of publisher, distributor, etc Roopa Publications
Date of publication, distribution, etc 2015
270 ## - ADDRESS
Address 7/16, Ansari Road, Daryaganj New Delhi-110002
300 ## - PHYSICAL DESCRIPTION
Extent 245p
Dimensions 20cm.(pbk)
942 ## - ADDED ENTRY ELEMENTS (KOHA)
Source of classification or shelving scheme Dewey Decimal Classification
Item type English Books
Classification part 230.609547
Call number suffix HAR
Holdings
Withdrawn status Lost status Not for loan Collection code Home library Current library Date acquired Source of acquisition Cost, normal purchase price Full call number Barcode Copy number Cost, replacement price Koha item type
      Non-fiction Ashok Vihar Ashok Vihar 24/05/2017 DBAD/PUB 295.00 230.609547 HAR EN-101923 1 295.00 English Books

© Delhi Public Library
Hit Counter
free hit counter